[Event "Bremen Silvester op-B"]
[Site "Bremen"]
[Date "2022.12.27"]
[Round "1"]
[White "Bruehl, Rainer"]
[Black "Rauscher, Joachim"]
[Result "0-1"]
[WhiteElo "1259"]
[BlackElo "1750"]
[PlyCount "100"]
[EventDate "2022.12.27"]
[EventType "swiss"]
[EventRounds "7"]
[EventCountry "GER"]
[SourceTitle "CBM 211 Extra"]
[Source "ChessBase"]
[SourceDate "2023.01.31"]
[SourceVersion "1"]
[SourceVersionDate "2023.01.31"]
[SourceQuality "1"]

1. c4 e6 2. g3 Nf6 3. Bg2 Be7 4. Nf3 0-0 5. d3 d5 6. cxd5 exd5 7. 0-0 c6 8. a3 Nbd7 9. b4 b6 10. Bb2 Bb7 11. Nbd2 c5 12. bxc5 bxc5 13. Rb1 Bc6 14. Ne5 Nxe5 15. Bxe5 Bd6 16. Nf3 Re8 17. Bxd6 Qxd6 18. Re1 Rac8 19. Nd2 Qd7 20. e4 Ba4 21. Qf3 dxe4 22. Nxe4 Nxe4 23. Rxe4 Rxe4 24. dxe4 h6 25. e5 Bc6 26. Rd1 Qe6 27. Qc3 Bxg2 28. Kxg2 Qe7 29. Rd6 Qb7+ 30. Qf3 Qc7 31. Qc3 c4 32. f4 Rb8 33. Rd4 Qc6+ 34. Kh3 Qe6+ 35. Kg2 Rc8 36. Rd6 Qf5 37. Rd2 h5 38. Qc2 Qe6 39. Rd6 Qe7 40. Qc3 Qb7+ 41. Kh3 Qb3 42. Qd4 Qxa3 43. e6 fxe6 44. Rd7 Qf8 45. Qxa7 c3 46. Rc7 Rxc7 47. Qxc7 Qf5+ 48. Kg2 c2 49. Qd8+ Kh7 50. Qd2 Qd5+ 0-1

[Event "Frankfurt-chA"]
[Site "Frankfurt"]
[Date "2022.05.02"]
[Round "2"]
[White "Rauscher, Joachim"]
[Black "Schneider, Ilja"]
[Result "1-0"]
[WhiteElo "1750"]
[BlackElo "2478"]
[PlyCount "97"]
[EventDate "2022.04.25"]
[EventType "swiss"]
[EventRounds "7"]
[EventCountry "GER"]
[SourceTitle "EXT 2023"]
[Source "ChessBase"]
[SourceDate "2022.10.05"]
[SourceVersion "1"]
[SourceVersionDate "2022.10.05"]
[SourceQuality "1"]

1. e4 c6 2. d4 d5 3. Nc3 dxe4 4. Nxe4 Nf6 5. Nxf6+ exf6 6. Nf3 Bg4 7. Be2 Na6 8. 0-0 Nc7 9. c4 b6 10. a3 a5 11. h3 Bf5 12. Re1 Be7 13. Be3 0-0 14. Bd3 Bxd3 15. Qxd3 Qd7 16. Red1 Rad8 17. Rab1 a4 18. b3 axb3 19. Rxb3 b5 20. Bf4 Ne6 21. Be3 Nc7 22. Bf4 Bd6 23. Bxd6 Qxd6 24. cxb5 Nxb5 25. a4 Nc7 26. a5 Ra8 27. Ra1 Rfd8 28. Rb7 Na6 29. Qc4 Rd7 30. Rb6 Nb8 31. Rab1 Rd8 32. a6 Rd7 33. Rb7 Nxa6 34. Rxd7 Qxd7 35. Qxa6 Rd8 36. Rb7 Qe6 37. Rb6 Qd5 38. Rxc6 h6 39. Rc8 Rxc8 40. Qxc8+ Kh7 41. Qc5 Qb7 42. d5 Qb1+ 43. Kh2 Qb8+ 44. d6 Kg8 45. Qc7 Qb2 46. d7 Qxf2 47. d8Q+ Kh7 48. Qxf7 h5 49. Qxh5# 1-0

[Event "Lugano Paradiso op"]
[Site "Lugano"]
[Date "2021.09.04"]
[Round "2"]
[White "Rauscher, Joachim"]
[Black "Paleologu, Vladimir"]
[Result "0-1"]
[WhiteElo "1772"]
[BlackElo "2035"]
[PlyCount "70"]
[EventDate "2021.09.03"]
[EventType "swiss"]
[EventRounds "5"]
[EventCountry "SUI"]
[SourceTitle "EXT 2022"]
[Source "ChessBase"]
[SourceDate "2021.10.06"]
[SourceVersion "1"]
[SourceVersionDate "2021.10.06"]
[SourceQuality "1"]

1. e4 e5 2. Nf3 d6 3. d4 Nd7 4. Nc3 Ngf6 5. Bd3 c6 6. 0-0 Be7 7. Qe2 Qc7 8. h3 h6 9. Be3 g5 10. Nh2 Nf8 11. dxe5 dxe5 12. Ng4 h5 13. Nxf6+ Bxf6 14. Qf3 Rh6 15. g4 Ne6 16. Qg3 hxg4 17. hxg4 Nf4 18. Bxf4 gxf4 19. Qg2 Bxg4 20. f3 Bc8 21. Kf2 Qb6+ 22. Ke2 Ke7 23. Qf2 Bh3 24. Rg1 Qxf2+ 25. Kxf2 Bh4+ 26. Ke2 Bg3 27. Rad1 Bh2 28. Rg5 Kf6 29. Rgg1 Bxg1 30. Rxg1 Rg6 31. Rxg6+ fxg6 32. Bc4 Be6 33. Bxe6 Kxe6 34. Na4 Kd6 35. c4 Rh8 0-1

[Event "Erfurt op Seniors 29th"]
[Site "Erfurt"]
[Date "2019.12.27"]
[Round "2"]
[White "Kolling, Peter Josef"]
[Black "Rauscher, Joachim"]
[Result "1/2-1/2"]
[WhiteElo "1658"]
[BlackElo "1807"]
[PlyCount "118"]
[EventDate "2019.12.26"]
[EventType "swiss"]
[EventRounds "5"]
[EventCountry "GER"]
[SourceTitle "CBM 194 Extra"]
[Source "ChessBase"]
[SourceDate "2020.03.31"]
[SourceVersion "1"]
[SourceVersionDate "2020.03.31"]
[SourceQuality "1"]

1. d4 d5 2. e4 dxe4 3. Nc3 Nf6 4. f3 exf3 5. Nxf3 e6 6. Bg5 Be7 7. Bd3 Nd5 8. Nxd5 exd5 9. Qe2 Be6 10. Be3 Nc6 11. c3 Qd7 12. Bb5 a6 13. Ba4 b5 14. Bc2 h6 15. 0-0 Bf6 16. Rae1 Na5 17. Bf4 Kd8 18. Be5 Nc4 19. Bxf6+ gxf6 20. Bb1 Bg4 21. Qf2 Re8 22. b3 Nd6 23. Rxe8+ Nxe8 24. Nh4 Rb8 25. Bf5 Bxf5 26. Nxf5 h5 27. Re1 Rb6 28. Re7 Qxe7 29. Nxe7 Kxe7 30. Qf3 Rd6 31. Qxh5 Ng7 32. Qg4 Ne6 33. h4 c5 34. b4 cxb4 35. cxb4 Rc6 36. h5 Rc4 37. h6 Ng5 38. a3 Rc1+ 39. Kh2 Rc4 40. Qf4 Rc8 41. h7 Rh8 42. Qc7+ Kf8 43. Qc8+ Kg7 44. Qxa6 Rxh7+ 45. Kg1 Rh4 46. Qxb5 Rxd4 47. Qe2 Re4 48. Qd3 d4 49. b5 Re3 50. Qxd4 Rxa3 51. Qb4 Ra1+ 52. Kh2 Ne6 53. b6 Nd8 54. b7 Nxb7 55. Qxb7 Re1 56. Qb4 Re5 57. Qf4 Rg5 58. g4 Re5 59. Kg3 Rg5 1/2-1/2

[Event "Erfurt Seniors op 28th"]
[Site "Erfurt"]
[Date "2018.12.26"]
[Round "1"]
[White "Rauscher, Joachim"]
[Black "Jacob, Helmut"]
[Result "1/2-1/2"]
[WhiteElo "1820"]
[BlackElo "2110"]
[PlyCount "88"]
[EventDate "2018.12.26"]
[EventType "swiss"]
[EventRounds "5"]
[EventCountry "GER"]
[SourceTitle "EXT 2021"]
[Source "ChessBase"]
[SourceDate "2020.10.23"]
[SourceVersion "1"]
[SourceVersionDate "2020.10.23"]
[SourceQuality "1"]

1. e4 d5 2. exd5 Qxd5 3. Nc3 Qd8 4. Bc4 Nf6 5. d3 c6 6. Bd2 Nbd7 7. Qe2 Qc7 8. Nf3 Nb6 9. Bb3 Bg4 10. h3 Bxf3 11. Qxf3 e6 12. 0-0-0 a5 13. Bf4 Qd8 14. a4 Bb4 15. Ne4 Nfd5 16. c3 Be7 17. Kb1 Nxf4 18. Qxf4 Nd5 19. Qf3 0-0 20. h4 b5 21. d4 Qb6 22. Rc1 Rab8 23. Rc2 bxa4 24. Bxa4 Qc7 25. g3 Rfc8 26. Kc1 c5 27. dxc5 Bxc5 28. Rd1 Rf8 29. Nxc5 Qxc5 30. Rd4 Nb6 31. Rcd2 e5 32. Re4 Nc4 33. Rc2 Nd6 34. Re1 Nc4 35. Qc6 Qxc6 36. Bxc6 Rfd8 37. Re4 Nb6 38. Rxe5 Rd6 39. Rce2 f6 40. Re8+ Rxe8 41. Bxe8 g6 42. Bb5 Kf7 43. Be8+ Kf8 44. Bb5 Kf7 1/2-1/2

[Event "Rheinland Pfalz op Seniors 16th"]
[Site "Neustadt an der Weinstrasse"]
[Date "2018.07.15"]
[Round "9"]
[White "Rauscher, Joachim"]
[Black "Humm, Peter"]
[Result "1-0"]
[WhiteElo "1817"]
[BlackElo "1622"]
[PlyCount "113"]
[EventDate "2018.07.07"]
[EventType "swiss"]
[EventRounds "9"]
[EventCountry "GER"]
[SourceTitle "EXT 2019"]
[Source "ChessBase"]
[SourceDate "2018.10.10"]
[SourceVersion "1"]
[SourceVersionDate "2018.10.10"]
[SourceQuality "1"]

1. e4 c5 2. Nf3 e6 3. d4 cxd4 4. Nxd4 Nf6 5. Nc3 d6 6. Bc4 a6 7. a4 Qc7 8. Bb3 b6 9. 0-0 Bb7 10. Re1 Be7 11. Kh1 Nbd7 12. f3 h5 13. Bxe6 fxe6 14. Nxe6 Qc4 15. Nxg7+ Kd8 16. Nf5 Qe6 17. Bf4 Kc7 18. Nxe7 Qxe7 19. Qd4 Rhe8 20. Red1 Ne5 21. Be3 Ned7 22. Qc4+ Kd8 23. Qb4 Kc7 24. Qc4+ Kd8 25. Qb3 Qe6 26. Bxb6+ Ke7 27. Qxe6+ Kxe6 28. Bc7 Rac8 29. Bxd6 Nb6 30. Bb4 Red8 31. Ba5 Rxd1+ 32. Rxd1 Rc6 33. b3 Nfd7 34. Ne2 Kf7 35. Bxb6 Nxb6 36. Rd2 Ke7 37. Kg1 Bc8 38. Kf2 a5 39. Nf4 h4 40. Ke3 Bd7 41. Ne2 Be6 42. Nd4 Rd6 43. f4 Nd7 44. e5 Rb6 45. Nxe6 Kxe6 46. g4 hxg3 47. hxg3 Rb7 48. g4 Nc5 49. Rd6+ Ke7 50. f5 Rb4 51. f6+ Kf7 52. Rd4 Rb7 53. Rd5 Rc7 54. Rd2 Ne6 55. Rd5 Rxc2 56. Rd7+ Ke8 57. Re7+ 1-0

[Event "Rheinland Pfalz op Seniors 16th"]
[Site "Neustadt an der Weinstrasse"]
[Date "2018.07.09"]
[Round "3"]
[White "Rauscher, Joachim"]
[Black "Zwissler, Erich"]
[Result "1-0"]
[WhiteElo "1817"]
[BlackElo "1614"]
[PlyCount "82"]
[EventDate "2018.07.07"]
[EventType "swiss"]
[EventRounds "9"]
[EventCountry "GER"]
[SourceTitle "EXT 2019"]
[Source "ChessBase"]
[SourceDate "2018.10.10"]
[SourceVersion "1"]
[SourceVersionDate "2018.10.10"]
[SourceQuality "1"]

1. e4 e6 2. d4 d5 3. Nd2 Nf6 4. Bd3 dxe4 5. Nxe4 Be7 6. Nf3 Nbd7 7. 0-0 Nxe4 8. Bxe4 Nf6 9. Bd3 0-0 10. c3 h6 11. Re1 c6 12. Bc2 Bd7 13. Qd3 Be8 14. Ne5 c5 15. Ng4 g6 16. Nxf6+ Bxf6 17. Bxh6 Bg7 18. Bxg7 Kxg7 19. Re3 Rc8 20. dxc5 Qxd3 21. Rxd3 Bb5 22. Rd4 Rxc5 23. Rad1 Rc7 24. f3 Kf6 25. Kf2 Ke7 26. f4 Rd7 27. Rxd7+ Bxd7 28. Rd4 Bc6 29. Ba4 b5 30. Bc2 Rd8 31. Rxd8 Kxd8 32. g3 Ke7 33. Ke3 Kd6 34. b4 Be8 35. a3 Bd7 36. Kd4 Be8 37. g4 f6 38. h4 f5 39. gxf5 exf5 40. Bd1 Bf7 41. Be2 a6 1-0

[Event "Rheinland Pfalz op Seniors 16th"]
[Site "Neustadt an der Weinstrasse"]
[Date "2018.07.08"]
[Round "2"]
[White "Samarian, Cornel"]
[Black "Rauscher, Joachim"]
[Result "1/2-1/2"]
[WhiteElo "1658"]
[BlackElo "1817"]
[PlyCount "88"]
[EventDate "2018.07.07"]
[EventType "swiss"]
[EventRounds "9"]
[EventCountry "GER"]
[SourceTitle "EXT 2019"]
[Source "ChessBase"]
[SourceDate "2018.10.10"]
[SourceVersion "1"]
[SourceVersionDate "2018.10.10"]
[SourceQuality "1"]

1. d4 d5 2. Nf3 Nf6 3. c4 e6 4. Nc3 Be7 5. e3 0-0 6. Be2 b6 7. 0-0 Bb7 8. a3 a5 9. b3 Nbd7 10. Bb2 c5 11. Rc1 Rc8 12. cxd5 Nxd5 13. Nxd5 Bxd5 14. Bc4 Nf6 15. Bxd5 exd5 16. Qd3 Qd6 17. h3 Ne4 18. Rc2 Rfd8 19. Rfc1 Qg6 20. Qf1 Bd6 21. dxc5 Rxc5 22. Rxc5 bxc5 23. Rd1 h6 24. Be5 Bxe5 25. Nxe5 Qe6 26. Nf3 Rb8 27. Rb1 Qd6 28. Qc1 Qf6 29. Qc2 Qc3 30. Ne1 Qxc2 31. Nxc2 Nc3 32. Rb2 Ne2+ 33. Kf1 Nc1 34. b4 Nd3 35. Rb1 axb4 36. Ke2 Ne5 37. axb4 cxb4 38. Rxb4 Rd8 39. Nd4 Ra8 40. Rb2 g6 41. Rc2 Kg7 42. f4 Nd7 43. Rc7 Nf6 44. Kf3 Re8 1/2-1/2

[Event "Frankfurt-chA"]
[Site "Frankfurt"]
[Date "2018.06.18"]
[Round "7"]
[White "Both, Guenter"]
[Black "Rauscher, Joachim"]
[Result "0-1"]
[WhiteElo "1523"]
[BlackElo "1712"]
[PlyCount "52"]
[EventDate "2018.04.30"]
[EventType "swiss"]
[EventRounds "7"]
[EventCountry "GER"]
[SourceTitle "EXT 2019"]
[Source "ChessBase"]
[SourceDate "2018.10.10"]
[SourceVersion "1"]
[SourceVersionDate "2018.10.10"]
[SourceQuality "1"]

1. e4 c5 2. Nf3 d6 3. d4 cxd4 4. Nxd4 Nf6 5. Nc3 g6 6. Be2 Bg7 7. Be3 0-0 8. 0-0 Nc6 9. Qd2 Bd7 10. f3 a6 11. Nxc6 Bxc6 12. Rfd1 Rc8 13. Nd5 Nxd5 14. exd5 Ba4 15. Bd3 Bxb2 16. Rab1 Bc3 17. Qf2 b5 18. Bd2 Bxd2 19. Rxd2 Rc5 20. Bf1 Qa8 21. Re1 Qb7 22. Qe3 Re8 23. c4 bxc4 24. Rd4 Rxd5 25. Rxc4 Re5 26. Qh6 Qb6+ 0-1

[Event "Frankfurt-chA"]
[Site "Frankfurt"]
[Date "2018.05.07"]
[Round "2"]
[White "Rauscher, Joachim"]
[Black "Popp, Matthias"]
[Result "1/2-1/2"]
[WhiteElo "1712"]
[BlackElo "1516"]
[PlyCount "110"]
[EventDate "2018.04.30"]
[EventType "swiss"]
[EventRounds "7"]
[EventCountry "GER"]
[SourceTitle "EXT 2019"]
[Source "ChessBase"]
[SourceDate "2018.10.10"]
[SourceVersion "1"]
[SourceVersionDate "2018.10.10"]
[SourceQuality "1"]

1. e4 c5 2. Nf3 Nc6 3. d4 cxd4 4. Nxd4 e5 5. Nb5 d6 6. N1c3 a6 7. Na3 b5 8. Nd5 Nf6 9. Bg5 Be7 10. Bxf6 Bxf6 11. c3 0-0 12. Nc2 Bg5 13. a4 Rb8 14. axb5 axb5 15. Bd3 f5 16. Qe2 fxe4 17. Bxb5 Ne7 18. Bc4 Nxd5 19. Bxd5+ Kh8 20. Rb1 Qa5 21. Bxe4 Qxc3+ 22. Kf1 Rxb2 23. Rxb2 Qxb2 24. Bd3 Qc1+ 25. Qe1 Bf5 26. Bxf5 Rxf5 27. Qxc1 Bxc1 28. Ke2 Bg5 29. Rd1 Be7 30. Ne3 Rh5 31. h3 Kg8 32. Nd5 Kf7 33. Rb1 Ke6 34. Ne3 Rh4 35. Rb7 Bf6 36. Rb6 Re4 37. f3 Rd4 38. Nc2 Ra4 39. Kd3 Kd5 40. Rb3 Kc5 41. Rc3+ Kd5 42. Rb3 Ke6 43. Rb6 Ra2 44. Rc6 Rb2 45. Ne3 Rf2 46. Rc4 h5 47. Rc7 Be7 48. Rb7 Bf6 49. Rb6 g6 50. Rc6 Be7 51. Rc7 Bg5 52. Rg7 Kf6 53. Rd7 Bxe3 54. Rxd6+ Kf5 55. g4+ hxg4 1/2-1/2

[Event "Frankfurt-chA"]
[Site "Frankfurt"]
[Date "2017.06.12"]
[Round "7"]
[White "Benikhis, Avram"]
[Black "Rauscher, Joachim"]
[Result "1-0"]
[WhiteElo "1743"]
[BlackElo "1666"]
[PlyCount "49"]
[EventDate "2017.04.24"]
[EventType "swiss"]
[EventRounds "7"]
[EventCountry "GER"]
[SourceTitle "EXT 2018"]
[Source "ChessBase"]
[SourceDate "2017.10.13"]
[SourceVersion "1"]
[SourceVersionDate "2017.10.13"]
[SourceQuality "1"]

1. e4 c5 2. Nf3 d6 3. d4 cxd4 4. Nxd4 Nf6 5. Nc3 g6 6. Be3 Bg7 7. f3 0-0 8. Qd2 Nc6 9. 0-0-0 Nxd4 10. Bxd4 Be6 11. Kb1 Qc7 12. g4 Rfc8 13. h4 Qa5 14. a3 Rab8 15. Qf4 Qc7 16. Bd3 a6 17. e5 Ne8 18. exd6 Nxd6 19. Bxg7 Kxg7 20. h5 h6 21. Qe5+ Kg8 22. hxg6 Qc5 23. gxf7+ Bxf7 24. Qxe7 Rc7 25. Qf6 1-0

[Event "Frankfurt-chA"]
[Site "Frankfurt"]
[Date "2017.05.29"]
[Round "6"]
[White "Rauscher, Joachim"]
[Black "Wich, Manuela"]
[Result "1-0"]
[WhiteElo "1666"]
[BlackElo "1494"]
[PlyCount "109"]
[EventDate "2017.04.24"]
[EventType "swiss"]
[EventRounds "7"]
[EventCountry "GER"]
[SourceTitle "EXT 2018"]
[Source "ChessBase"]
[SourceDate "2017.10.13"]
[SourceVersion "1"]
[SourceVersionDate "2017.10.13"]
[SourceQuality "1"]

1. e4 Nf6 2. e5 Nd5 3. d4 d6 4. c4 Nb6 5. exd6 cxd6 6. Nc3 g6 7. Be3 Bg7 8. Rc1 Nc6 9. b3 d5 10. c5 Nd7 11. Nxd5 Nf6 12. Nxf6+ Bxf6 13. Ne2 Bg4 14. f3 Be6 15. Nf4 Bd5 16. Nxd5 Qxd5 17. Bc4 Qd8 18. d5 Ne5 19. Bb5+ Nd7 20. 0-0 0-0 21. c6 bxc6 22. Bxc6 Rc8 23. Bxa7 Qa5 24. Be3 Ne5 25. Rf2 Qa6 26. Rd2 Nxc6 27. dxc6 Rxc6 28. Rxc6 Qxc6 29. Bh6 Re8 30. Be3 e6 31. Qc2 Rc8 32. Qxc6 Rxc6 33. Kf2 Kg7 34. Ke2 Rc1 35. Rd1 Rc2+ 36. Rd2 Rc1 37. g3 g5 38. f4 g4 39. Kd3 Kg6 40. Bd4 Be7 41. a4 Bb4 42. Rc2 Rf1 43. Kc4 Bd6 44. b4 h5 45. Be5 Be7 46. a5 f6 47. Bd4 e5 48. fxe5 fxe5 49. Bxe5 Kf5 50. Bd4 h4 51. Rf2+ Rxf2 52. Bxf2 hxg3 53. hxg3 Ke5 54. a6 Bxb4 55. Kxb4 1-0

[Event "Frankfurt-chA"]
[Site "Frankfurt"]
[Date "2017.05.08"]
[Round "3"]
[White "Ketting, Douwe"]
[Black "Rauscher, Joachim"]
[Result "1/2-1/2"]
[WhiteElo "1452"]
[BlackElo "1666"]
[PlyCount "69"]
[EventDate "2017.04.24"]
[EventType "swiss"]
[EventRounds "7"]
[EventCountry "GER"]
[SourceTitle "EXT 2018"]
[Source "ChessBase"]
[SourceDate "2017.10.13"]
[SourceVersion "1"]
[SourceVersionDate "2017.10.13"]
[SourceQuality "1"]

1. b4 e5 2. Bb2 Bxb4 3. Bxe5 Nf6 4. Nf3 0-0 5. e3 Re8 6. Bb2 d5 7. c4 c5 8. cxd5 Nxd5 9. Be2 Bg4 10. 0-0 Nc6 11. Qc2 Qe7 12. a3 Ba5 13. Rc1 Bb6 14. Nc3 Nc7 15. Na4 Ne6 16. h3 Bh5 17. Nxb6 axb6 18. Qb3 Qc7 19. Qd5 Bg6 20. Ng5 Rad8 21. Nxe6 Rxe6 22. Qb3 Be4 23. Qc3 Rg6 24. Bf1 Qd7 25. Kh2 Ne7 26. Qe5 Bc6 27. e4 Re8 28. d3 Nd5 29. Qf5 Qc7+ 30. g3 Nf6 31. e5 Bd7 32. Qf3 Bc6 33. Qe2 Ng4+ 34. hxg4 Rh6+ 35. Bh3 1/2-1/2

[Event "Frankfurt-chA"]
[Site "Frankfurt"]
[Date "2016.06.13"]
[Round "7"]
[White "Kretner, Georg Ulrich"]
[Black "Rauscher, Joachim"]
[Result "0-1"]
[WhiteElo "1880"]
[BlackElo "1697"]
[PlyCount "94"]
[EventDate "2016.04.25"]
[EventType "swiss"]
[EventRounds "9"]
[EventCountry "GER"]
[SourceTitle "EXT 2018"]
[Source "ChessBase"]
[SourceDate "2017.10.13"]
[SourceVersion "1"]
[SourceVersionDate "2017.10.13"]
[SourceQuality "1"]

1. d4 d5 2. c4 e6 3. Nc3 Nf6 4. Bg5 Be7 5. Nf3 0-0 6. Qc2 h6 7. h4 b6 8. Bxf6 Bxf6 9. g4 g6 10. 0-0-0 Bb7 11. Kb1 Nc6 12. g5 hxg5 13. h5 Kg7 14. hxg6 fxg6 15. cxd5 Nb4 16. Qe4 Nxd5 17. Qxe6 Nxc3+ 18. bxc3 Bd5 19. Qh3 Rh8 20. Qxh8+ Qxh8 21. Rxh8 Rxh8 22. Nd2 Re8 23. e3 g4 24. Bd3 Bh4 25. e4 Bf7 26. Rf1 g5 27. f4 gxf4 28. Rxf4 Be6 29. d5 Bg5 30. Rf2 Bd7 31. Nf1 Rf8 32. Rxf8 Kxf8 33. e5 Bf4 34. e6 Be8 35. Kc2 Ba4+ 36. Kb2 g3 37. Be4 Bb5 38. Bg2 Ke7 39. Kc2 Bc4 40. Kd1 Bxa2 41. Ke2 Be5 42. Kd3 Bb1+ 43. Kc4 Bf4 44. Kd4 a5 45. c4 a4 46. Kc3 a3 47. Kb3 a2 0-1

[Event "Wuertemberg-ch Seniors 27th"]
[Site "Freudenstadt"]
[Date "2015.07.08"]
[Round "6"]
[White "Rauscher, Joachim"]
[Black "Reimann, Guenther"]
[Result "0-1"]
[WhiteElo "1811"]
[BlackElo "1955"]
[PlyCount "63"]
[EventDate "2015.07.03"]
[EventType "swiss"]
[EventRounds "9"]
[EventCountry "GER"]
[SourceTitle "EXT 2016"]
[Source "ChessBase"]
[SourceDate "2015.10.08"]
[SourceVersion "1"]
[SourceVersionDate "2015.10.08"]
[SourceQuality "1"]

1. e4 e6 2. d4 d5 3. Nd2 Nf6 4. Bd3 c5 5. c3 Nc6 6. Ngf3 Qb6 7. e5 Nd7 8. 0-0 cxd4 9. cxd4 Nxd4 10. a3 Nc6 11. Qe2 Be7 12. Re1 a5 13. Nf1 Nc5 14. Be3 Qc7 15. Bxc5 Bxc5 16. Qc2 Qb6 17. Rac1 Be7 18. Bxh7 Bd7 19. Re3 Rc8 20. Qb1 Bc5 21. Re2 Ke7 22. Bd3 Nd4 23. Nxd4 Bxd4 24. b3 Rxc1 25. Qxc1 Qxb3 26. Qg5+ Kf8 27. Qd8+ Be8 28. Qd6+ Kg8 29. Qe7 Qxd3 30. Qxe8+ Kh7 31. Qxf7 Qxe2 32. Qf4 0-1

[Event "Wuertemberg-ch Seniors 27th"]
[Site "Freudenstadt"]
[Date "2015.07.07"]
[Round "5"]
[White "Kuepferle, Ernst"]
[Black "Rauscher, Joachim"]
[Result "0-1"]
[WhiteElo "1909"]
[BlackElo "1811"]
[PlyCount "80"]
[EventDate "2015.07.03"]
[EventType "swiss"]
[EventRounds "9"]
[EventCountry "GER"]
[SourceTitle "EXT 2016"]
[Source "ChessBase"]
[SourceDate "2015.10.08"]
[SourceVersion "1"]
[SourceVersionDate "2015.10.08"]
[SourceQuality "1"]

1. e4 c5 2. Nc3 Nc6 3. f4 g6 4. Nf3 Bg7 5. a3 e6 6. Bb5 Nge7 7. e5 d5 8. d4 b6 9. 0-0 0-0 10. Be2 a6 11. Be3 Nf5 12. Bf2 c4 13. Qe1 Bd7 14. Nd1 Qc7 15. g4 Nfe7 16. c3 b5 17. Bg3 Qb6 18. Ne3 a5 19. g5 b4 20. Ng4 Nf5 21. Bf2 Rfd8 22. Qd2 h5 23. gxh6 Nxh6 24. Nxh6+ Bxh6 25. Bh4 Rdb8 26. axb4 axb4 27. Bf6 Rxa1 28. Rxa1 bxc3 29. bxc3 Qb2 30. Qe1 Bg7 31. Ng5 Nxd4 32. Bg4 Nc2 33. Qh4 Qxa1+ 34. Kg2 Ne1+ 35. Kg3 Qxc3+ 36. Bf3 Qxf3+ 37. Nxf3 Rb3 38. Bxg7 Rxf3+ 39. Kg4 Rxf4+ 40. Kxf4 Ng2+ 0-1

[Event "Wuertemberg-ch Seniors 27th"]
[Site "Freudenstadt"]
[Date "2015.07.03"]
[Round "1"]
[White "Rauscher, Joachim"]
[Black "Villing, Dieter"]
[Result "0-1"]
[WhiteElo "1811"]
[BlackElo "2039"]
[PlyCount "68"]
[EventDate "2015.07.03"]
[EventType "swiss"]
[EventRounds "9"]
[EventCountry "GER"]
[SourceTitle "EXT 2016"]
[Source "ChessBase"]
[SourceDate "2015.10.08"]
[SourceVersion "1"]
[SourceVersionDate "2015.10.08"]
[SourceQuality "1"]

1. e4 c5 2. Nf3 Nc6 3. d4 cxd4 4. Nxd4 Nf6 5. Nc3 e6 6. Bc4 Bb4 7. Bg5 Qa5 8. Bxf6 Bxc3+ 9. bxc3 Qxc3+ 10. Ke2 Qxc4+ 11. Ke3 gxf6 12. Nxc6 bxc6 13. Qd6 Qc3+ 14. Qd3 Qxd3+ 15. cxd3 Ke7 16. Rhc1 Rg8 17. g3 Rg5 18. h4 Ra5 19. g4 Rb8 20. Rcb1 Rab5 21. Rf1 d5 22. f3 Rb2 23. g5 Rh2 24. gxf6+ Kxf6 25. Rab1 Rxb1 26. Rxb1 e5 27. d4 Ba6 28. dxe5+ Kxe5 29. f4+ Kd6 30. e5+ Ke6 31. Rc1 Bc4 32. a4 c5 33. a5 Kf5 34. Rg1 Rh3+ 0-1

[Event "Frankfurt-chA"]
[Site "Frankfurt"]
[Date "2015.06.08"]
[Round "6"]
[White "Dreis, Volker"]
[Black "Rauscher, Joachim"]
[Result "1/2-1/2"]
[WhiteElo "1847"]
[BlackElo "1714"]
[PlyCount "102"]
[EventDate "2015.04.27"]
[EventType "swiss"]
[EventRounds "7"]
[EventCountry "GER"]
[SourceTitle "EXT 2016"]
[Source "ChessBase"]
[SourceDate "2015.10.08"]
[SourceVersion "1"]
[SourceVersionDate "2015.10.08"]
[SourceQuality "1"]

1. e4 c5 2. Nf3 d6 3. d4 cxd4 4. Nxd4 Nf6 5. Nc3 g6 6. f3 Bg7 7. Be3 0-0 8. Qd2 Nc6 9. g4 Nxd4 10. Bxd4 Be6 11. 0-0-0 Qa5 12. Kb1 Rfc8 13. Bxf6 Rxc3 14. Qxc3 Qxa2+ 15. Kc1 Bxf6 16. Qa3 Bg5+ 17. Rd2 Qxa3 18. bxa3 Rc8 19. Kd1 Bxd2 20. Kxd2 Rc5 21. Bd3 Kg7 22. h4 Bc4 23. Rb1 b6 24. Rb4 Bxd3 25. Kxd3 h6 26. Rc4 Ra5 27. a4 Kf6 28. Kd4 Ke6 29. f4 f5 30. exf5+ gxf5 31. g5 hxg5 32. hxg5 Kf7 33. Ke3 a6 34. Rb4 b5 35. axb5 axb5 36. Kd4 Ra4 37. Rxa4 bxa4 38. c4 e5+ 39. fxe5 dxe5+ 40. Kc3 f4 41. c5 f3 42. Kd2 a3 43. c6 a2 44. c7 a1Q 45. c8Q Qd4+ 46. Kc2 Qa4+ 47. Kd3 Qd1+ 48. Ke4 Qe2+ 49. Kf5 Qd3+ 50. Kxe5 Qe3+ 51. Kf5 Qd3+ 1/2-1/2

[Event "Frankfurt-chA"]
[Site "Frankfurt"]
[Date "2015.05.11"]
[Round "3"]
[White "Rauscher, Joachim"]
[Black "Rutsatz, Mario"]
[Result "0-1"]
[WhiteElo "1714"]
[BlackElo "1917"]
[PlyCount "76"]
[EventDate "2015.04.27"]
[EventType "swiss"]
[EventRounds "7"]
[EventCountry "GER"]
[SourceTitle "EXT 2016"]
[Source "ChessBase"]
[SourceDate "2015.10.08"]
[SourceVersion "1"]
[SourceVersionDate "2015.10.08"]
[SourceQuality "1"]

1. e4 e6 2. d4 d5 3. Nd2 Nf6 4. Bd3 c5 5. c3 Nc6 6. Ngf3 Be7 7. 0-0 cxd4 8. cxd4 Qb6 9. e5 Nd7 10. Nb3 a5 11. a4 f6 12. Re1 fxe5 13. Nxe5 Ndxe5 14. dxe5 0-0 15. Be3 Qb4 16. f4 g6 17. Qc2 Rf7 18. Bb5 Bf8 19. Bd2 Nd4 20. Nxd4 Qxd4+ 21. Be3 Qb4 22. Be8 Rg7 23. Rac1 Bd7 24. Bxd7 Rxd7 25. Rf1 d4 26. Bd2 Qb6 27. Kh1 d3 28. Qc4 Rd5 29. Qa2 Rad8 30. f5 gxf5 31. Rf3 Kh8 32. Bg5 d2 33. Rd1 Rc8 34. Rxf5 Bg7 35. Rff1 Qa6 36. Rf2 Rc1 37. Qb3 Qb6 38. Qf3 Qxf2 0-1

[Event "Berlin Werner Ott op"]
[Site "Berlin"]
[Date "2014.07.12"]
[Round "8"]
[White "Rauscher, Joachim"]
[Black "Baumert, Christian"]
[Result "0-1"]
[WhiteElo "1823"]
[BlackElo "2137"]
[PlyCount "116"]
[EventDate "2014.07.05"]
[EventType "swiss"]
[EventRounds "9"]
[EventCountry "GER"]
[SourceTitle "CBM 161 Extra"]
[Source "ChessBase"]
[SourceDate "2014.08.29"]
[SourceVersion "1"]
[SourceVersionDate "2014.08.29"]
[SourceQuality "1"]

1. e4 c6 2. d4 d5 3. Nc3 dxe4 4. Nxe4 Nd7 5. Nf3 Ngf6 6. Nxf6+ Nxf6 7. Be2 e6 8. 0-0 Be7 9. c4 0-0 10. b3 b6 11. Bb2 Bb7 12. Re1 Qc7 13. Qc2 c5 14. dxc5 Qxc5 15. Ne5 Be4 16. Bd3 Bxd3 17. Nxd3 Qf5 18. Re5 Qg6 19. Qe2 Bd6 20. Re3 Rfd8 21. Ne5 Qh5 22. Qxh5 Nxh5 23. Kf1 Nf4 24. Nd3 Rd7 25. Ne5 Bxe5 26. Bxe5 Ng6 27. Bc3 Rad8 28. g3 h5 29. Ke1 Ne7 30. Re2 Nf5 31. Kf1 Rd3 32. Bb2 R8d7 33. Be5 f6 34. Bb2 e5 35. Rc1 Kf7 36. c5 bxc5 37. Rxc5 g5 38. Rec2 g4 39. Rc7 Ng7 40. Rxd7+ Rxd7 41. Ke2 Ne6 42. b4 Ng5 43. Rc1 Ke6 44. a4 Nf3 45. Rd1 Rxd1 46. Kxd1 Nxh2 47. b5 Kd6 48. Ba3+ Kc7 49. Bc5 Kb7 50. a5 a6 51. b6 Nf3 52. Ke2 f5 53. Be7 Nd4+ 54. Ke3 Nc6 55. Bf6 Nxa5 56. f3 Nc6 57. fxg4 hxg4 58. Kd3 Kxb6 0-1